Normal view
MARC view
Entry Término temático
001 - NÚMERO DE CONTROL
- campo de control: 55739
003 - IDENTIFICADOR DEL NÚMERO DE CONTROL
- campo de control: OSt
005 - FECHA Y HORA DE LA ÚLTIMA TRANSACCIÓN
- campo de control: 20200615034719.0
008 - DATOS DE LONGITUD FIJA
- campo de control de longitud fija: 200615|| aca||aabn | a|a d
040 ## - FUENTE DE LA CATALOGACIÓN
- Centro catalogador/agencia de origen: OSt
- Centro/agencia transcriptor: OSt
150 ## - ENCABEZAMIENTO--TÉRMINO DE MATERIA
- Término de materia o nombre geográfico como elemento de entrada: TELEVISIÓN EN LA POLÍTICA
- Subdivisión general: HISTORIA
- Subdivisión geográfica: REPÚBLICA DOMINICANA
670 ## - FUENTE DE DATOS ENCONTRADOS
- Cita de la fuente: Work cat.: (OSt)28233: Lora Medrano, Luis Eduardo, 1921- 55737, Petan : La Voz Dominicana, su gente ... sus cosas ... y sus cuentos. /, 1984.
